000 00613nam a22002057a 4500
005 20251108164934.0
008 250721s1993 xx 000 0 ara d
082 1 4 _a346.077/محم
100 1 _aمحمود، سيد أحمد
245 1 0 _aحول منع المدين من السفر /
264 1 _aالقاهرة :
_bدار النهضة العربية،
_c1993.
300 _a244ص
650 1 7 _aالقانون الخاص
650 1 7 _aالسفر
650 1 7 _aالمدين
650 1 7 _aالجوانب القانونية
650 1 7 _aالقانون الدولي
942 _2ddc
_cBK
999 _c17929
_d17929